Take it away, Greta! / (Record no. 105630)
[ view plain ]
| 000 -LEADER | |
|---|---|
| fixed length control field | 00431nam a2200145 a 4500 |
| 005 - DATE AND TIME OF LATEST TRANSACTION | |
| control field | 20140412111409.0 |
| 008 - FIXED-LENGTH DATA ELEMENTS--GENERAL INFORMATION | |
| fixed length control field | 070807s19uu xx 00 eng d |
| 050 ## - LIBRARY OF CONGRESS CALL NUMBER | |
| Classification number | ER |
| Item number | Ta13 1986 |
| 245 ## - TITLE STATEMENT | |
| Title | Take it away, Greta! / |
| Statement of responsibility, etc | illustrated by Itchiko Fuyuno. |
| 260 ## - PUBLICATION, DISTRIBUTION, ETC. (IMPRINT) | |
| Place of publication, distribution, etc | Tokyo : |
| Name of publisher, distributor, etc | Froebel- Kan, |
| Date of publication, distribution, etc | c1986. |
| 300 ## - PHYSICAL DESCRIPTION | |
| Extent | [unp.] : col. , ill. ; cm. |
| 440 ## - SERIES STATEMENT/ADDED ENTRY--TITLE | |
| Title | Shape number books 3 Subtracting. |
| 650 ## - SUBJECT ADDED ENTRY--TOPICAL TERM | |
| Topical term or geographic name as entry element | Subtraction |
| Withdrawn status | Lost status | Damaged status | Use restrictions | Home library | Current library | Shelving location | Date acquired | Source of acquisition | Total Checkouts | Full call number | Barcode | Date last seen | Price effective from | Koha item type |
|---|---|---|---|---|---|---|---|---|---|---|---|---|---|---|
| Elizalde Library | Elizalde Library | Easy Reading Section | 08/07/2007 | ER Ta13 1986 | E10469 | 04/12/2014 | 04/12/2014 | Books |